000
00299nam a22001337a 4500
008
171020b xxu||||| |||| 00| 0 eng d
020
_a
9780071221092
041
_a
eng
080
_a
338
100
_a
58
101
_a
MEN
245
_a
MANGEMENT INFORMATION SYTEMS
_c
MARAKAS.O
942
_2
udc
_c
BK
999
_c
35147
_d
35147